000
00282nam a22001217a 4500
020
_a
9789382036265
082
_a
660.63
_b
MUK/BI
100
_a
Mukherjee, Biswajit
_9
1083
245
_a
Bioprocess Engineering
260
_a
New Delhi
_b
Black Prints
_c
2013
300
_a
251
942
_c
BK
999
_c
13983
_d
13983